| 000 | 00451nam a22001457a 4500 | ||
|---|---|---|---|
| 082 | _aT-217 | ||
| 100 |
_aAsad Mahmood _951243 |
||
| 245 | _aRole of Unconditional Cash Transfer in Reducing Risk and Building Resilience of Communities in Pakistan an Analytical Study | ||
| 260 |
_aRisalpur, _bMCE, _c2017. |
||
| 300 |
_a76p, _bill, |
||
| 526 |
_a0 _b0 _c0 _dT_217 |
||
| 650 |
_aMS DM-2 _951244 |
||
| 700 |
_aDr Naeem Shahzad PhD _951245 |
||
| 942 |
_2ddc _cBK |
||
| 999 |
_c553976 _d553976 |
||